| 000 | 00737nam a2200253Ia 4500 | ||
|---|---|---|---|
| 001 | 1275 | ||
| 003 | GE_BSU | ||
| 008 | 181216s||||||||xx |||||||||||||| ||und|| | ||
| 020 | _a5829700387 | ||
| 040 | _cGE_BSU | ||
| 080 | _a159.922.7(075.8) | ||
| 245 | _aДетская практическая психология. | ||
| 245 | _bУчебник для студ. высш.учеб.завед. | ||
| 245 | _cРед:Марцинковской ;Т.Д. | ||
| 260 | _aМосква | ||
| 260 | _bГардарики | ||
| 260 | _c2005 | ||
| 300 | _a253 с. 19 см. | ||
| 541 | _h7 л. | ||
| 653 | _aДетская психология. | ||
| 653 | _aПсихология | ||
| 653 | _aფსიქოლოგია | ||
| 942 | _cBK | ||
| 999 |
_c35420 _d35420 |
||